[Event "Polonia Wroclaw Cup GM"]
[Site "Wroclaw POL"]
[Date "2012.12.10"]
[Round "6"]
[White "Kriebel,T"]
[Black "Stachowiak,K"]
[Result "1-0"]
[WhiteElo "2361"]
[BlackElo "2432"]

1.e4 c5 2.Nf3 Nc6 3.d4 cxd4 4.Nxd4 e6 5.Nc3 Qc7 6.Be2 a6 7.O-O Nf6 8.Be3 b5
9.Nxc6 dxc6 10.f4 Be7 11.e5 Nd5 12.Nxd5 cxd5 13.c3 Bd7 14.Bd4 Bc5 15.Rc1 O-O
16.Bd3 Rfc8 17.Kh1 g6 18.Qd2 a5 19.g4 Qb6 20.Qf2 Bxd4 21.cxd4 Rxc1 22.Rxc1 Rc8
23.Rf1 Qd8 24.f5 Qe7 25.f6 Qb4 26.Qf4 Qf8 27.h4 b4 28.h5 Be8 29.Rc1 Bd7 30.Rxc8 Qxc8
31.Qh6 Qf8 32.Qc1 Qd8 33.Qc5 Ba4 34.Qc1 Bd7 35.Kh2 Ba4 36.Kh3 Bd7 37.hxg6 hxg6
38.Bxg6 fxg6 39.Qh6 Qf8 40.Qxg6+ Kh8 41.Qh5+ Kg8 42.g5  1-0

[Event "5th Kolkata Open"]
[Site "Kolkata IND"]
[Date "2012.12.11"]
[Round "9.8"]
[White "Adhiban,Baskaran"]
[Black "Fominyh,A"]
[Result "1/2-1/2"]
[WhiteElo "2567"]
[BlackElo "2455"]

1.e4 c5 2.Nf3 e6 3.d4 cxd4 4.Nxd4 Nc6 5.Nc3 a6 6.Be2 Qc7 7.O-O Nf6 8.Be3 Bb4
9.Na4 O-O 10.c4 Be7 11.Nc3 Ne5 12.f4 Nxc4 13.Bxc4 Qxc4 14.e5 Ne8 15.Rc1 b5
16.Ncxb5 Qxa2 17.Ra1 Qd5 18.Nf5 Bc5 19.Qxd5 Bxe3+ 20.Nxe3 exd5 21.Nxd5 Bb7
22.Nbc3 Rb8 23.Rfd1 f6 24.Ne7+ Kh8 25.Rxd7 fxe5 26.fxe5 g6 27.Ra4 Ng7 28.Rh4 g5
29.Rb4 Ba8 30.Rxb8 Rxb8 31.Ncd5 Ne6 32.Nf6 Rb7 33.Rxb7 Bxb7 34.Nf5 a5 35.Kf2 Nc5
36.Nd6 Bc6 37.Nc4 a4 38.Na5 Ba8 39.Kf1  1/2-1/2

[Event "IX Regina Helena Marques Prol"]
[Site "Santos BRA"]
[Date "2012.12.11"]
[Round "2.5"]
[White "Campelo,L"]
[Black "Fier,A"]
[Result "0-1"]
[WhiteElo "2247"]
[BlackElo "2567"]

1.e4 c5 2.Nf3 Nc6 3.d4 cxd4 4.Nxd4 e6 5.Nc3 d6 6.Be3 Nf6 7.Be2 Be7 8.g4 O-O
9.g5 Nd7 10.h4 a6 11.Qd2 Nxd4 12.Qxd4 b5 13.O-O-O Rb8 14.Rdg1 b4 15.Nd1 Nc5
16.f3 Qa5 17.Kb1 e5 18.Qd2 Be6 19.b3 Na4 20.g6 fxg6 21.h5 Nc3+ 22.Nxc3 bxc3
23.Qe1 Rfc8 24.Bd3 gxh5 25.Qg3 g6 26.Rxh5 Bxb3 27.axb3 Qa3 28.Bc1 Rxb3+  0-1

[Event "III ITT JAHV McGREGOR"]
[Site "Bogota COL"]
[Date "2012.12.12"]
[Round "1.3"]
[White "Bacallao Alonso,Y"]
[Black "Sanchez L,S"]
[Result "1/2-1/2"]
[WhiteElo "2574"]
[BlackElo "2313"]

1.e4 c5 2.Nf3 e6 3.d4 cxd4 4.Nxd4 Nc6 5.Nc3 Qc7 6.Be3 a6 7.Bd3 Nf6 8.O-O b5
9.Nxc6 dxc6 10.a4 b4 11.Nb1 c5 12.Nd2 Bb7 13.Qe2 Be7 14.a5 O-O 15.b3 Bc6
16.f3 Ra7 17.Nc4 Bb5 18.Kh1 Rd8 19.f4 Bxc4 20.bxc4 Qc6 21.e5 Ne8 22.f5 exf5
23.Rxf5 g6 24.Rf3 Qe6 25.Qf2 Qxe5 26.Re1 Bd6 27.Bf4 Qf6 28.Be5 Qg5 29.Bxd6 Nxd6
30.Rg3 Qh5 31.Rge3 Qg4 32.Re5 Qd4 33.Qxd4 cxd4 34.Rd5 Rad7 35.c5 Nb5 36.Rxd7 Rxd7
37.c6 Rc7 38.Bxb5 axb5 39.a6 Kf8 40.Ra1 d3 41.cxd3 b3  1/2-1/2

[Event "5th Kolkata Open"]
[Site "Kolkata IND"]
[Date "2012.12.12"]
[Round "10.6"]
[White "Oleksienko,M"]
[Black "Swapnil,SD"]
[Result "0-1"]
[WhiteElo "2573"]
[BlackElo "2438"]

1.e4 c5 2.Nf3 e6 3.d4 cxd4 4.Nxd4 Nc6 5.Nc3 Qc7 6.Be2 a6 7.O-O Nf6 8.Be3 Bb4
9.Nxc6 bxc6 10.f4 Bxc3 11.bxc3 Nxe4 12.Bd3 Nf6 13.Qf3 d6 14.Bd4 Rb8 15.Qg3 Kf8
16.c4 c5 17.Bc3 Ne8 18.Rae1 f5 19.Bxf5 exf5 20.Rxe8+ Kxe8 21.Re1+ Kf8 22.Bxg7+ Qxg7
23.Re8+ Kxe8 24.Qxg7 Rf8 25.Qc7 Rb1+ 26.Kf2 Be6 27.Qxd6 Rf6 28.Qxa6 Rb4 29.Ke1 Rxc4
30.g4 fxg4 31.f5 Ke7 32.Qb7+ Bd7 33.Qd5 Rd4 34.Qxc5+ Rdd6 35.c4 Bxf5 36.a4 Kf7
37.Qb4 Kg6 38.c5 Rc6 39.a5 h5 40.Qd4 Bc8 41.Qe4+ Kh6 42.Qe3+ Kg6 43.Qe8+ Kg5
44.Qe3+ Kf5 45.Kd2 Ba6 46.Qd4 Bc8 47.Qd5+ Kg6 48.Qe4+ Bf5 49.Qe8+ Kh6 50.Qe3+ Kg6
51.Qe8+ Kh6 52.Qe3+ Kg7 53.Qe7+ Rf7 54.Qg5+ Bg6 55.Qe5+ Rff6 56.Qd4 Re6 57.Qd7+ Kh6
58.Qd4 Bf5 59.Qd8 h4 60.Qd4 Kg5 61.Qd8 g3 62.hxg3 hxg3 63.Kc3 Kg4 64.Qd1+ Kh4
65.Qh1+ Bh3 66.a6 g2 67.Qg1 Rxa6 68.Qd4+ Kg3 69.Qe5+ Rf4 70.Qg5+ Bg4  0-1

[Event "5th Kolkata Open"]
[Site "Kolkata IND"]
[Date "2012.12.12"]
[Round "10.2"]
[White "Sengupta,D"]
[Black "Ni Hua"]
[Result "1/2-1/2"]
[WhiteElo "2540"]
[BlackElo "2660"]

1.e4 c5 2.Nf3 Nc6 3.d4 cxd4 4.Nxd4 e6 5.Nc3 Qc7 6.Be2 a6 7.O-O Nf6 8.Be3 Be7
9.f4 d6 10.a4 O-O 11.Kh1 Nxd4 12.Qxd4 Bd7 13.Bf3 Bc6 14.a5 Rac8 15.Qd2 Nd7
16.Rfd1 f5 17.e5 Bxf3 18.gxf3 Qc6 19.exd6 Bf6 20.Qg2 Rfd8 21.Rd3 Nf8 22.Rad1 Rd7
23.Bb6 Ng6 24.Qd2 Qc4 25.Ne2 Bxb2 26.Bc7 Bf6 27.Rb1 e5 28.Rb4 Qc5 29.Rxb7 e4
30.fxe4 Qc6 31.Qb4 Qxc2 32.Qb3+ Qxb3 33.Rdxb3 fxe4 34.Ng3 Nxf4 35.Rb8 Rxb8
36.Rxb8+ Kf7 37.Nxe4 Ne6 38.Rb6 Nxc7 39.Nc5 Rd8 40.dxc7 Rc8 41.Nxa6 Ke7 42.Rc6 Be5
43.Kg2 Bd6 44.h3 g5 45.Rc4 h5 46.Rc3 Kd7 47.Nb8+ Ke6 48.a6 Bxc7 49.Rc6+ Kd5
50.a7 Rxb8 51.axb8=Q Bxb8 52.Rh6 h4 53.Kf3 Bf4 54.Ra6 Ke5 55.Ra5+ Kd4 56.Rf5 Bc1
57.Rf8 Bf4 58.Rd8+ Ke5 59.Rd1 Bg3 60.Ra1 Bf4 61.Ra4 Kd5 62.Ke2 Ke5 63.Kd3 Bh2
64.Re4+ Kf5 65.Ke3 Bf4+ 66.Kf3 Kf6 67.Re2 Kf5 68.Re8 Bd6 69.Ra8 Bc7 70.Rf8+ Ke6
71.Ke4 Bf4 72.Ra8 Kd6 73.Ra5 Ke6 74.Ra6+ Kf7 75.Kf5 Ke7 76.Re6+ Kd7 77.Kf6 Bd6
78.Kf7 Bf4 79.Ra6 Be5 80.Kg6 Bf4 81.Kf6 Be3 82.Ke5 Bf4+ 83.Kd5 Ke7 84.Rb6 Kf7
85.Re6 Bg3 86.Ra6  1/2-1/2

[Event "1st Korbach GM"]
[Site "Korbach GER"]
[Date "2012.12.12"]
[Round "5.4"]
[White "Kearns,C"]
[Black "Czebe,A"]
[Result "0-1"]
[WhiteElo "2103"]
[BlackElo "2481"]

1.e4 c5 2.Nf3 Nc6 3.d4 cxd4 4.Nxd4 e6 5.Nc3 Qc7 6.Be2 Nf6 7.O-O Be7 8.Be3 O-O
9.Kh1 d6 10.f4 Bd7 11.Bf3 Nxd4 12.Bxd4 e5 13.Be3 Bc6 14.Qe1 b5 15.Qg3 b4
16.fxe5 bxc3 17.exf6 Bxf6 18.bxc3 Bxc3 19.Rad1 Be5 20.Qh4 Qa5 21.c4 Qxa2
22.c5 dxc5 23.Bxc5 Rfe8 24.Bh5 g6 25.Rf3 Qc2 26.Rxf7 Qxe4 27.Qxe4 Bxe4 28.Rxa7 Rxa7
29.Bxa7 gxh5 30.Re1 Bc6 31.h3 Bg3 32.Rc1 Re1+ 33.Rxe1 Bxe1 34.Kh2 h4 35.Bb6 Bg3+
36.Kg1 Kf7 37.Bc5 Ke6 38.Bb6 Kf5 39.Bc5 Ke4 40.Bb6 Kd3 41.Kf1 Bb5 42.Ba5 Ke3+
43.Kg1 Bf2+ 44.Kh2 Ke2  0-1

[Event "Lleida IM Closed 2012"]
[Site "Lleida ESP"]
[Date "2012.12.12"]
[Round "9.1"]
[White "Trepat Herranz,J"]
[Black "Baches Garcia,G"]
[Result "1/2-1/2"]
[WhiteElo "2281"]
[BlackElo "2403"]

1.e4 c5 2.Nf3 e6 3.d4 cxd4 4.Nxd4 Nc6 5.Nc3 Qc7 6.Be3 a6 7.Qd2 Nf6 8.O-O-O Bb4
9.f3 O-O 10.g4 b5 11.Kb1 Bb7 12.h4 Ne5 13.Qe1 Bxc3 14.Qxc3 Qxc3 15.bxc3 d5
16.g5 Nh5 17.exd5 Bxd5 18.Rh3 g6 19.Be2 Nc4 20.Bxc4 bxc4 21.Ne2 f6 22.Nf4 Nxf4
23.Bxf4 fxg5 24.Bxg5 Rab8+ 25.Kc1 Bxf3 26.Rf1 Be4 27.Rxf8+ Rxf8 28.Kd2 Rf1
29.Ke3 Bxc2 30.Rh2 Bd3 31.Rb2 e5 32.Rb8+ Kf7 33.Rb7+ Ke6 34.Rb6+ Kd5 35.Rxa6 Re1+
36.Kf3 e4+ 37.Kf2 Re2+ 38.Kg3 Rc2 39.Ra5+ Kc6 40.Ra3 Kb5 41.Be3 Re2 42.Bd4 Re1
43.Bf2 Rc1 44.Be3 Rf1 45.Bf2 Be2 46.Kg2 Rc1 47.Be3 Rc2 48.Kg3 Bd3 49.Bd4 Re2
50.Ra7 e3 51.a4+ Kc6 52.Re7 Ra2 53.Rxe3 Rxa4 54.Re7 h5 55.Re5 Ra2 56.Rc5+ Kd6
57.Re5 Ra1 58.Rb5 Rh1 59.Rb2 Bf5 60.Rh2 Re1 61.Ra2 Re4 62.Ra6+ Kc7 63.Bf6 Kd7
64.Rb6 Be6 65.Bg5 Rg4+ 66.Kf2 Re4 67.Ra6 Kc7 68.Kg3 Bf5 69.Kf2 Rg4 70.Rf6 Kb7
71.Rd6 Be4 72.Rf6 Bf5 73.Rd6 Be4 74.Rf6 Bd3 75.Rf4 Rxf4+  1/2-1/2

[Event "III ITT JAHV McGREGOR"]
[Site "Bogota COL"]
[Date "2012.12.13"]
[Round "3.12"]
[White "Jaramillo Ochoa,M"]
[Black "Sanchez L,S"]
[Result "0-1"]
[WhiteElo "2088"]
[BlackElo "2313"]

1.e4 c5 2.Nf3 e6 3.d4 cxd4 4.Nxd4 Nc6 5.Nc3 Qc7 6.Be3 a6 7.Qd2 Nf6 8.O-O-O Be7
9.f3 O-O 10.g4 b5 11.Kb1 Bb7 12.g5 Nh5 13.Nce2 Nxd4 14.Nxd4 g6 15.Bh3 d5
16.Nxe6 fxe6 17.Bxe6+ Rf7 18.exd5 Rd8 19.Qd4 Ng7 20.Bxf7+ Kxf7 21.Qh4 Bxd5
22.Qxh7 Be6 23.Bd4 Bf8 24.Bf6 Rc8 25.Rd2 Qa5 26.Rdd1 Qxa2+ 27.Kc1 Bf5 28.c3 Qb1+
29.Kd2 Qd3+ 30.Ke1 Qe3+ 31.Kf1 Qxf3+  0-1

[Event "IX Regina Helena Marques Prol"]
[Site "Santos BRA"]
[Date "2012.12.13"]
[Round "5.2"]
[White "Rocha,W"]
[Black "Fier,A"]
[Result "0-1"]
[WhiteElo "2427"]
[BlackElo "2567"]

1.e4 c5 2.Nf3 Nc6 3.d4 cxd4 4.Nxd4 e6 5.Nc3 d6 6.Be3 Nf6 7.Qd2 Be7 8.O-O-O Ng4
9.Be2 Nxe3 10.Qxe3 a6 11.f4 Qb6 12.Nf5 Qxe3+ 13.Nxe3 b5 14.a4 b4 15.Nb1 Na5
16.Nd2 Bb7 17.Ndc4 Nxc4 18.Nxc4 O-O-O 19.Rhe1 Kc7 20.Bf3 g5 21.fxg5 Bxg5+
22.Kb1 Bf4 23.g3 Be5 24.Rf1 f6 25.Bg4 Bxe4 26.Bxe6 b3 27.Rd2 bxc2+ 28.Kc1 d5
29.Bf5 dxc4 30.Bxe4 Bxb2+ 31.Kxc2 Rxd2+ 32.Kxd2 Be5 33.Kc2 h5 34.Bd5 c3 35.Bc4 a5
36.Bd5 h4 37.Rh1 Kd6 38.Bf3 Kc5 39.Rb1 hxg3 40.hxg3 Rh2+ 41.Kb3 Rf2  0-1

[Event "III ITT JAHV McGREGOR"]
[Site "Bogota COL"]
[Date "2012.12.14"]
[Round "5.33"]
[White "Ruiz Aguilar,P"]
[Black "Gil,Cr"]
[Result "0-1"]
[WhiteElo "2339"]
[BlackElo "1980"]

1.e4 c5 2.Nf3 e6 3.d4 cxd4 4.Nxd4 Nc6 5.Nc3 Qc7 6.Ndb5 Qb8 7.Be3 a6 8.Bb6 axb5
9.Nxb5 Bb4+ 10.c3 Ba5 11.Nc7+ Kf8 12.Nxa8 Qxa8 13.Qd6+ Nge7 14.Qa3 f5 15.b4 Qb8
16.bxa5 Qe5 17.Bd3 fxe4 18.Be2 Kf7 19.O-O Nd5 20.Rfc1 Nf4 21.Bf1 d5 22.Qc5 Bd7
23.c4 Rc8 24.cxd5 exd5 25.Qc3 d4 26.Bc4+ Kf6 27.Qg3 g5 28.h4 h6 29.Bf1 Be6
30.Rc5 Bd5 31.Re1 Rg8 32.hxg5+ Rxg5 33.Rxc6+ Bxc6 34.Bd8+ Kf5 35.Bxg5 hxg5
36.Qa3 e3 37.Qf8+ Kg6 38.fxe3 dxe3 39.Bc4 Bd5 40.Bxd5 Qxd5 41.Qe8+ Kf6 42.Qh8+ Kf5
43.Qc8+ Kg6 44.Qc2+ Kh6 45.Rxe3 Qxa5 46.Kh2 Qd5 47.g3 Ng6 48.Qe4 Qxa2+ 49.Re2 Qb3
50.Qd4 Qf3 51.Rf2 Qc6 52.Rf7 Qc2+ 53.Kh3 Qc8+ 54.Rd7 Ne5 55.Qd6+ Kh5 56.g4+ Nxg4
57.Rc7 Qf5 58.Qd1 Qf4 59.Rh7+ Kg6 60.Qd3+ Kf6 61.Qd8+ Kg6 62.Qg8+ Kf5 63.Qc8+ Kg6
64.Qg8+ Kf5 65.Rf7+ Nf6 66.Qh7+ Ke6 67.Re7+ Kd6 68.Qf7 Qf3+ 69.Kh2 Qf2+ 70.Kh1 Qf1+
71.Kh2 Ng4+ 72.Kg3 Qg1+ 73.Kf3 Ne5+ 74.Rxe5 Qf1+  0-1

[Event "Malmo Open"]
[Site "Malmo SWE"]
[Date "2012.12.14"]
[Round "1"]
[White "Neretljak,N"]
[Black "Bae,T"]
[Result "0-1"]
[WhiteElo "2021"]
[BlackElo "2442"]

1.e4 c5 2.Nf3 e6 3.d4 cxd4 4.Nxd4 Nc6 5.Nc3 Qc7 6.Be3 a6 7.a3 b5 8.Bd3 Bb7
9.O-O Nf6 10.Qe2 Ne5 11.Bf4 d6 12.Rad1 Be7 13.Bg5 O-O 14.f4 Qc5 15.fxe5 Qxd4+
16.Kh1 Qxe5 17.Bf4 Qh5 18.Qe3 Qc5 19.Qh3 Qh5 20.Qe3 Nd7 21.Be2 Qc5 22.Qg3 Ne5
23.Be3 Qc7 24.Rf2 Rac8 25.Rdf1 Ng6 26.Qh3 Qd8 27.Bd4 Bg5 28.Bg4 Qe7 29.Qh5 Rc7
30.Qh3 Bc8 31.Be3 Bxe3 32.Qxe3 Ne5 33.Be2 Bb7 34.Qg3 f6 35.Qh3 Nc4 36.Bg4 Bc8
37.Nd1 Bd7 38.c3 Ne5 39.Be2 Bc6 40.Qh4 g5 41.Qh6 Qg7 42.Rxf6 Qxh6 43.Rxh6 Rxf1+
44.Bxf1 Ng6 45.Bd3 Nf4 46.Bc2 Kg7 47.Rh3 Nxh3 48.gxh3 Kf6 49.Kg2 Ke5 50.Kf3 h5
51.Nf2 Rf7+ 52.Ke3 Rxf2 53.Kxf2 Bxe4 54.Bd1 Kf4 55.Bxh5 e5 56.Be2 d5 57.b3 d4
58.c4 d3 59.Bd1 bxc4 60.bxc4 Bc6  0-1

[Event "Amplico ch-EUR Blitz"]
[Site "Warsaw POL"]
[Date "2012.12.14"]
[Round "9.2"]
[White "Andriasian,Z"]
[Black "Jaracz,P"]
[Result "0-1"]
[WhiteElo "2605"]
[BlackElo "2548"]

1.e4 c5 2.Nc3 Nc6 3.Nf3 e6 4.d4 cxd4 5.Nxd4 Qc7 6.f4 Nxd4 7.Qxd4 a6 8.Be3 b5
9.O-O-O Bb7 10.Kb1 Rc8 11.Bd3 Qc5 12.Rhe1 Nf6 13.e5 Qxd4 14.Bxd4 Nd5 15.Nxd5 Bxd5
16.g3 Bc5 17.Be4 Bxd4 18.Rxd4 Bxe4 19.Rexe4 Rc6 20.Re3 Ke7 21.Red3 Rd8 22.Rd6 f6
23.b3 fxe5 24.fxe5 Rc5 25.Rxa6 Rxe5 26.a4 bxa4 27.Rxa4 Re2 28.h4 Rc8 29.Ra2 e5
30.b4 Rb8 31.Rb2 Ra8 32.Rbb3 e4 33.Rd4 Ke6 34.b5 d5 35.b6 Ke5 36.b7 Rb8 37.Ra4 Rf2
38.Ra5 Rf7 39.Rab5 Rf3 40.Kc1 e3 41.Rd3 Rf1+ 42.Kb2 Ke4 43.Rdxd5 e2 44.Re5+ Kf3
45.Rb3+ Kf2 46.c4 e1=Q 47.Rxe1 Rxe1 48.c5 Re6 49.Kc3 Re3+ 50.Kc4 Rxb3 51.Kxb3 Rxb7+
52.Kc4 Kxg3  0-1

[Event "Malmo Open"]
[Site "Malmo SWE"]
[Date "2012.12.15"]
[Round "4"]
[White "Hector,J"]
[Black "Bae,T"]
[Result "1/2-1/2"]
[WhiteElo "2539"]
[BlackElo "2442"]

1.e4 c5 2.Nf3 e6 3.d4 cxd4 4.Nxd4 Nc6 5.Nc3 Qc7 6.f4 a6 7.Be3 b5 8.Bd3 Bb7
9.Qd2 Nf6 10.e5 Ng4 11.Ne4 Nxe3 12.Qxe3 Be7 13.a4 b4 14.Nb3 O-O 15.Qh3 g6
16.O-O f5 17.exf6 Bxf6 18.Nbc5 Ne7 19.Nxb7 Qxb7 20.Rad1 Nf5 21.Kh1 d5 22.Nxf6+ Rxf6
23.Rfe1 Ng7 24.Qe3 Raf8 25.g3 Qc6 26.Qd4 a5 27.b3 Nf5 28.Qf2 Nd6 29.Qg2 Nb7
30.Bb5 Qb6 31.Re2 Nc5 32.Rde1 Ne4 33.Bd3 Nc5 34.Qg1 Qc7 35.Bb5 Ne4 36.Qd4 Kf7
37.Kg1 Qc3 38.Qa7+ Kg8 39.Qe3 Qxe3+ 40.Rxe3 Rc8 41.Bd3 Nc5 42.Bf1 Ne4 43.R3e2 g5
44.fxg5 Nxg5 45.Bg2 Nf3+ 46.Bxf3 Rxf3 47.Rxe6 Rxc2 48.Rd6 Rff2 49.Re7 Rg2+
50.Kf1 Rgf2+ 51.Ke1 Rf7 52.Rxf7 Kxf7 53.Rxd5 Rxh2 54.Rxa5 Rb2 55.Rb5 Rxb3
56.a5 Rxg3 57.a6 Ra3 58.Rb7+ Kg6 59.a7 b3 60.Kf2 b2 61.Rxb2 Rxa7 62.Rb5  1/2-1/2

[Event "TCh-NED Meesterklasse 2012-13"]
[Site "Netherland NED"]
[Date "2012.12.15"]
[Round "5.6"]
[White "Kleijn,C"]
[Black "Muhren,B"]
[Result "1-0"]
[WhiteElo "2418"]
[BlackElo "2307"]

1.e4 c5 2.Nf3 e6 3.d4 cxd4 4.Nxd4 Nc6 5.Nc3 Qc7 6.Be3 a6 7.Be2 Nf6 8.O-O Bb4
9.Na4 O-O 10.Nxc6 bxc6 11.Nb6 Rb8 12.Nxc8 Rfxc8 13.Bxa6 Rf8 14.Bd3 Bd6 15.b3 Bxh2+
16.Kh1 Bf4 17.Bxf4 Qxf4 18.g3 Qc7 19.Qe2 e5 20.a4 Rb4 21.a5 d5 22.f3 Nh5
23.Rg1 Ra8 24.a6 Rb6 25.Qe3 d4 26.Qg5 c5 27.Qxh5 Rh6 28.Qxh6 gxh6 29.Kg2 Ra7
30.Rh1 Kg7 31.Rh5 Qd6 32.Bc4 Kg6 33.Rf5 f6 34.f4 exf4 35.gxf4 h5 36.Kf3 h6
37.Rg1+ Kh7 38.Rxh5 Qf8 39.Bd3 Kh8 40.Rg6 Rh7 41.Bc4 Qe8 42.f5 Qf8 43.Rh1 h5
44.Rhg1 h4 45.Rg8+ Qxg8 46.Rxg8+  1-0

[Event "ch-CZE KO Blitz H18 2012"]
[Site "Prague CZE"]
[Date "2012.12.15"]
[Round "2.1"]
[White "Pulpan,J"]
[Black "Kraus,To"]
[Result "0-1"]
[WhiteElo "2099"]
[BlackElo "2290"]

1.e4 c5 2.Nf3 e6 3.d4 cxd4 4.Nxd4 Nc6 5.Nc3 Qc7 6.Be2 a6 7.O-O Nf6 8.Be3 Bb4
9.Nxc6 bxc6 10.Bd3 d5 11.Qf3 Bd6 12.g3 O-O 13.Bg5 Be5 14.Rfe1 h6 15.Bd2 Rb8
16.Rab1 Bb7 17.Qe2 Rfe8 18.f4 Bd4+ 19.Kf1 c5 20.e5 Nd7 21.Bxa6 Bxa6 22.Qxa6 Ra8
23.Qe2 c4 24.Nb5 Qb6 25.Nxd4 Qxd4 26.c3 Qb6 27.Be3 Qc6 28.a3 Nc5 29.Bxc5 Qxc5
30.Qe3 Qxe3 31.Rxe3 Reb8 32.Ree1 Rb3 33.Rec1 Rab8 34.a4 Rxb2 35.Rxb2 Rxb2
36.Ra1 Rxh2 37.Kg1 Rb2 38.a5 Rb7 39.a6 Ra7 40.Ra5 Kf8 41.f5 Ke7 42.Rb5 Rxa6
43.Rb7+ Kf8 44.Rb8+ Ke7 45.Rb7+ Ke8 46.Rb8+ Kd7 47.Rb7+ Kc6 48.Rxf7 exf5
49.Rxf5 Ra3 50.Rf3 d4 51.e6 Kd6 52.Rf7 Kxe6 53.Rxg7  0-1

[Event "Amplico ch-EUR Rapid"]
[Site "Warsaw POL"]
[Date "2012.12.15"]
[Round "1.47"]
[White "Kosakowski,Jakub"]
[Black "Bulski,K"]
[Result "0-1"]
[WhiteElo "1733"]
[BlackElo "2549"]

1.e4 c5 2.Nf3 e6 3.d4 cxd4 4.Nxd4 Nc6 5.Nc3 Qc7 6.Be3 a6 7.Bd3 Nf6 8.O-O Nxd4
9.Bxd4 Bc5 10.Bxc5 Qxc5 11.Kh1 d6 12.f4 e5 13.f5 b5 14.Qf3 Bb7 15.Rfe1 O-O
16.a3 Rfe8 17.Rad1 b4 18.axb4 Qxb4 19.Na2 Qxb2 20.Rb1 Qxa2 21.Rxb7 Rab8 22.Rc7 Qa5
23.Rg1 Qxc7 24.g4 d5  0-1

[Event "Amplico ch-EUR Rapid"]
[Site "Warsaw POL"]
[Date "2012.12.15"]
[Round "4.47"]
[White "Cukrowski,F"]
[Black "Jurcik,Mari"]
[Result "0-1"]
[WhiteElo "2177"]
[BlackElo "2496"]

1.e4 c5 2.Nf3 Nc6 3.d4 cxd4 4.Nxd4 e6 5.Nc3 a6 6.Be3 Nf6 7.Qd2 Bb4 8.f3 d5
9.O-O-O O-O 10.a3 Be7 11.Nb3 dxe4 12.Qe1 Qc7 13.fxe4 Ng4 14.Bg1 b5 15.h3 Nge5
16.Bh2 b4 17.Nd5 exd5 18.exd5 bxa3 19.dxc6 axb2+ 20.Kb1 Bf6 21.Rd5 Re8 22.Bd3 a5
23.Qe4 g6 24.Rf1 Bg7 25.Bc4 Bf5 26.Bxe5 Rxe5 27.Rxe5 Bxe5 28.Rxf5 gxf5 29.Qxf5 Bg7
30.Nc5 Qe7 31.Nd3 Re8 32.Qxa5 Qf6 33.Ka2 Qxc6 34.Bd5 Qxc2 35.Bxf7+ Kh8  0-1

[Event "SportAccord Blitz Women 2012"]
[Site "Beijing CHN"]
[Date "2012.12.16"]
[Round "6.7"]
[White "Paehtz,E"]
[Black "Lahno,Kateri"]
[Result "1-0"]
[WhiteElo "2482"]
[BlackElo "2553"]

1.e4 c5 2.Nf3 e6 3.d4 cxd4 4.Nxd4 Nc6 5.Nc3 Qc7 6.Nb3 a6 7.Bd3 Nf6 8.Qe2 b5
9.Bd2 Be7 10.f4 d6 11.O-O O-O 12.Kh1 Bb7 13.a3 Nd7 14.Rf3 Nc5 15.Rh3 g6 16.Nxc5 dxc5
17.e5 c4 18.Be4 Nd4 19.Qf2 Rad8 20.Be3 Nf5 21.Bb6 Qc8 22.Bxd8 Rxd8 23.Re1 Bc5
24.Qf3 Bxe4 25.Nxe4 Be7 26.Qf2 Qc6 27.c3 h5 28.Rf3 Rd5 29.Qe2 Qd7 30.Rff1 Rd3
31.Rd1 Qd5 32.Rxd3 cxd3 33.Qf3 Nh4 34.Nf6+ Bxf6 35.Qxd5 exd5 36.exf6 Nf5
37.Rd1 Nd6 38.Rxd3 Nc4 39.Rxd5 Nxb2 40.Rd8+ Kh7 41.Rd6 Na4 42.Rxa6 Nxc3 43.Ra7 Kg8
44.Rc7 Nd5 45.Rc5 Nxf6 46.Rxb5  1-0

[Event "Frau Bundesliga Div1 2012-13"]
[Site "Germany GER"]
[Date "2012.12.16"]
[Round "5.5"]
[White "Schoene,Mar"]
[Black "Kochetkova,J"]
[Result "1/2-1/2"]
[WhiteElo "2190"]
[BlackElo "2304"]

1.e4 c5 2.Nf3 e6 3.d4 cxd4 4.Nxd4 Nc6 5.Nc3 Qc7 6.Be2 a6 7.Be3 Nf6 8.a3 b5
9.Nxc6 dxc6 10.O-O Bb7 11.f4 Be7 12.e5 Rd8 13.Qe1 Nd7 14.Qg3 O-O 15.Ne4 c5
16.Bf3 Bxe4 17.Bxe4 f5 18.exf6 Nxf6 19.Bf3 Nd5 20.Bg4 Rf6 21.Qh3 Kh8 22.Rae1 Rdf8
23.Bxe6 Nxf4 24.Bxf4 Rxf4 25.g3 Rxf1+ 26.Rxf1 Rxf1+ 27.Qxf1 Bf6 28.Qf5 Qd8
29.Qd5 Qxd5 30.Bxd5 Bxb2 31.Bb7 Bxa3 32.Bxa6 b4 33.Bc4 g6 34.Kf2 Kg7 35.Kf3 Kf6
36.Ke4 Bb2 37.h3 Kg5 38.Bd3 Bc3 39.Kf3 Be1 40.g4 Bc3 41.Bc4 Kf6 42.Ke4 Kg5
43.Kf3 Kf6 44.Ke4  1/2-1/2

[Event "Amplico ch-EUR Rapid"]
[Site "Warsaw POL"]
[Date "2012.12.16"]
[Round "8.29"]
[White "Ziaziulkina,N"]
[Black "Bulski,K"]
[Result "0-1"]
[WhiteElo "2367"]
[BlackElo "2549"]

1.e4 c5 2.Nf3 e6 3.d4 cxd4 4.Nxd4 Nc6 5.Nc3 Qc7 6.Be2 a6 7.O-O Nf6 8.Be3 Bb4
9.Na4 O-O 10.Nxc6 bxc6 11.Nb6 Rb8 12.Nxc8 Rfxc8 13.Bxa6 Rf8 14.Bd3 Bd6 15.f4 e5
16.b3 exf4 17.Bd4 Be5 18.Bxe5 Qxe5 19.Qf3 d5 20.exd5 Nxd5 21.Rae1 Qd4+ 22.Kh1 Rbe8
23.Re4 Qc3 24.h3 g6 25.Bc4 Qxf3 26.gxf3 Ne3 27.Rf2 Rxe4 28.fxe4 Nxc4 29.bxc4 g5
30.Rd2 Ra8 31.Kg2 Rxa2 32.Kf3 h5 33.e5 Ra3+ 34.Ke4 Kg7 35.Kf5 Rg3 36.h4 gxh4
37.Kxf4 Rg4+ 38.Kf5 Rxc4 39.Rg2+ Kf8 40.Rg5 Rxc2 41.Rxh5 Rf2+ 42.Kg5 Rg2+
43.Kf6 Rf2+ 44.Kg5 Ke7 45.Rxh4 Kd7 46.Rc4 Kc7 47.Rc1 Kb6 48.Rd1 Kb5 49.Rd6 Kc5
50.Rh6 Kd5 51.Rd6+ Kc5 52.Rh6 Rf1 53.Rd6 Rf2 54.Rh6 Rc2 55.Kf5 Rf2+ 56.Kg5 Rc2
57.Kf5 Ra2 58.Rd6 Rh2 59.Kg5 Kb5 60.Kf6 Rf2+ 61.Ke7 Rf5 62.Kd7 c5 63.Rd5 f6
64.Kd6 Rxe5 65.Rd1 c4 66.Rf1 c3 67.Rxf6 Rc5 68.Rf1 c2 69.Rc1 Kb4  0-1

[Event "Amplico ch-EUR Rapid"]
[Site "Warsaw POL"]
[Date "2012.12.16"]
[Round "9.26"]
[White "Neiksans,A"]
[Black "Wieczorek,O"]
[Result "1-0"]
[WhiteElo "2534"]
[BlackElo "2316"]

1.e4 c5 2.Nf3 e6 3.d4 cxd4 4.Nxd4 Nc6 5.Nc3 Qc7 6.g3 a6 7.Bg2 d6 8.O-O Bd7
9.a4 Nf6 10.Be3 Be7 11.Qe2 O-O 12.Rad1 Nxd4 13.Rxd4 Bc6 14.Rfd1 Rac8 15.h3 Rfe8
16.R4d2 Nd7 17.f4 Rcd8 18.Kh2 Qb8 19.b3 Bf8 20.Na2 Nc5 21.Bxc5 dxc5 22.e5 Bxg2
23.Kxg2 b5 24.Nc3 Qb7+ 25.Qf3 Qb6 26.axb5 axb5 27.Rxd8 Rxd8 28.Rxd8 Qxd8
29.Nxb5 Qd2+ 30.Qf2 Qd5+ 31.Kh2 c4 32.Nc3 Qa5 33.Ne4 cxb3 34.cxb3 h6 35.h4 Qd5
36.Qe3 Qd1 37.Nd6 Bxd6 38.exd6 Qxd6 39.Qc3 Qb6 40.Kg2 Kf8 41.b4 Qb5 42.Kf2 Ke7
43.Ke3 g5 44.fxg5 hxg5 45.Qc5+ Qxc5+ 46.bxc5 Kd7 47.h5  1-0

[Event "Amplico ch-EUR Rapid"]
[Site "Warsaw POL"]
[Date "2012.12.16"]
[Round "10.32"]
[White "Wantiez,F"]
[Black "Bulski,K"]
[Result "0-1"]
[WhiteElo "2353"]
[BlackElo "2549"]

1.e4 c5 2.Nf3 e6 3.d4 cxd4 4.Nxd4 Nc6 5.Nc3 Qc7 6.g3 a6 7.Bg2 d6 8.O-O Bd7
9.Nxc6 Bxc6 10.b3 Be7 11.Bb2 Nf6 12.a4 O-O 13.Qd3 Rfd8 14.Rad1 Rab8 15.Rfe1 b5
16.axb5 axb5 17.Ne2 e5 18.Nc3 b4 19.Nd5 Nxd5 20.exd5 Bb5 21.Qd2 Bf8 22.f4 exf4
23.gxf4 Re8 24.Be4 Qd8 25.Qf2 Be7 26.Bd3 Bh4 27.Rxe8+ Bxe8 28.Qf3 Bf6 29.Bxf6 Qxf6
30.Re1 Bd7 31.Qe4 g6 32.Qe7 Qd4+ 33.Qe3 Qxd5 34.Bc4 Qf5 35.Qd2 Bc6 36.Re7 Qg4+
37.Kf1 Qh3+ 38.Kg1 Qg4+ 39.Kf1 Qf3+ 40.Qf2 Qh3+ 41.Ke2 d5 42.Bd3 Re8 43.Rxe8+ Bxe8
44.Qg3 Qh5+ 45.Kd2 Bd7 46.Kc1 Bf5 47.Bxf5 Qxf5 48.Qe3 Qe4 49.Qd2 h5 50.Kb2 h4
51.c3 bxc3+ 52.Kxc3 h3 53.Qd4 Qg2 54.Qe3 Qxh2 55.f5 Qc7+ 56.Kd3 h2 57.Qh6 Qg3+
58.Kd4 Qg4+ 59.Kc5 Qg1+ 60.Kd6 h1=Q  0-1

[Event "11th IM Int"]
[Site "Sao Jose do Rio Preto BRA"]
[Date "2012.12.18"]
[Round "2.2"]
[White "Della Morte,G"]
[Black "Abdalla,L"]
[Result "1-0"]
[WhiteElo "2325"]
[BlackElo "2322"]

1.e4 c5 2.Nf3 e6 3.d4 cxd4 4.Nxd4 Nc6 5.Nc3 d6 6.g4 Nge7 7.Be3 Nxd4 8.Qxd4 Nc6
9.Qd2 Be7 10.O-O-O a6 11.g5 b5 12.f4 Qa5 13.Kb1 b4 14.Ne2 Bb7 15.h4 b3 16.Qxa5 Nxa5
17.Nc3 bxc2+ 18.Kxc2 Rc8 19.Rd4 h6 20.Ra4 hxg5 21.fxg5 Bc6 22.Rb4 d5 23.Bxa6 Rd8
24.Rd4 Bc5 25.exd5 Bxd4 26.Bxd4 Bxd5 27.Nxd5 Rxd5 28.Bxg7 Rh7 29.Bf6 Nc6
30.Bc4 Rc5 31.Kc3 Ne5 32.b3 Nxc4 33.bxc4 Rh5 34.Rd1 Rc8 35.Rd4 Kf8 36.a4 Kg8
37.a5 Kh7 38.a6 Ra8 39.Kb4 Rxa6 40.Kb5 Ra3 41.c5 Rb3+ 42.Kc4 Rb1 43.c6 Rc1+
44.Kb5 Kg6 45.Rf4 e5 46.Re4 Kf5 47.Rxe5+ Kf4 48.Rc5 Rxc5+ 49.Kxc5 Rxh4 50.c7 Rh2
51.Kc4  1-0

[Event "19th Zadar Open A"]
[Site "Zadar CRO"]
[Date "2012.12.18"]
[Round "4.8"]
[White "Zelcic,R"]
[Black "Rezan,S"]
[Result "1-0"]
[WhiteElo "2560"]
[BlackElo "2436"]

1.e4 c5 2.Nf3 e6 3.Nc3 Nc6 4.d4 cxd4 5.Nxd4 d6 6.Be2 Nf6 7.O-O Be7 8.Be3 O-O
9.f4 e5 10.Nb3 exf4 11.Bxf4 Be6 12.Nd4 Nxd4 13.Qxd4 d5 14.e5 Nd7 15.Kh1 Qb6
16.Qd2 d4 17.Nb5 Bc5 18.a4 a5 19.Rfd1 Rfc8 20.Rac1 Nf8 21.b3 Rd8 22.Bd3 Bg4
23.Rf1 Ne6 24.Bg3 Bh5 25.Nd6 Bxd6 26.exd6 Nc5 27.Bf5 Rxd6 28.Bxd6 Qxd6 29.Rf4 Rd8
30.Qxa5 g6 31.Bd3 Re8 32.Rf2 Qe5 33.Bc4 g5 34.Rcf1 Ne4 35.Rf5 Qxa5 36.Rxa5 h6
37.Bd3 Bg6 38.Kg1 Nd2 39.Rd1 Bxd3 40.cxd3 Re2 41.Rb5 g4 42.a5 Kg7 43.Rxb7 h5
44.a6  1-0

[Event "23rd Metropolitan GM"]
[Site "Los Angeles USA"]
[Date "2012.12.19"]
[Round "1"]
[White "Matikozian,A"]
[Black "Shen,V"]
[Result "0-1"]
[WhiteElo "2426"]
[BlackElo "2419"]

1.e4 c5 2.Nf3 e6 3.Nc3 Nc6 4.d4 cxd4 5.Nxd4 Qc7 6.g3 a6 7.Bg2 d6 8.O-O Nf6
9.Re1 Nd7 10.a4 Be7 11.Nb3 b6 12.f4 Bb7 13.Be3 O-O 14.g4 Rfe8 15.g5 Bf8 16.Bf2 Nb4
17.h4 Rad8 18.Qe2 Nc5 19.Nxc5 bxc5 20.Rad1 Bc6 21.b3 d5 22.e5 Bb7 23.Rd2 Rc8
24.Bf1 Nc6 25.Nd1 Na5 26.Rd3 c4 27.Rg3 cxb3 28.cxb3 Bb4 29.Ne3 Bxe1 30.Bxe1 Nxb3
31.Qd1 Qc1 32.Qxb3 Qxe1 33.Ng2 Qa1 34.Qxb7 Qd4+ 35.Kh2 a5 36.Qb5 Qf2 37.Qd3 Qa2
38.Qd1 Rc2 39.Bb5 Rec8 40.h5 Rc1 41.Qg4 Qa1 42.Rf3 R8c2  0-1